000 00856nam a22002777a 4500
003 CHAP
005 20220329135136.0
008 971013s19711961mx r 00010 spa d
010 _a31574
011 _a32546
035 _a36661
040 _cCHAP
090 _aFolleto 789
245 0 0 _aLecciones básicas de cooperativismo
_c/editado por Miguel E. López
260 _aMéxico :
_bCentro Regional de Ayuda Técnica,
_c[1961], 1971
300 _a16 p.
590 _aBATCH-UPD
_b10
_c20130110
_lUCH01
_h2043
590 _aBATCH-UPD
_b10
_c20130410
_lUCH01
_h1357
590 _aBATCH-UPD
_b10
_c20130914
_lUCH01
_h1048
590 _aCONVERSION
_b10
_c20130109
_lUCH01
_h1318
650 1 4 _aCooperativismo.
_927786
700 0 _aLópez, Miguel E.
_968473
901 _aBK
942 _cFOLL
949 _aFolleto 789
_bBC
_cFOLL
_d33724002332710
_eTS1
_i36661
_mD
_si
999 _c31574
_d31574